Văn hoá dân gian Quảng Bình T.4 Văn học dân gian
Khái quát chung về văn học dân gian Quảng Bình về các thể loại, tác phẩm văn học dân gian tiêu biểu
Đã lưu trong:
| Príomhúdar: | |
|---|---|
| Formáid: | Leabhar |
| Teanga: | Vietnamese |
| Foilsithe: |
H.
Đại học Quốc gia Hà Nội
2010
|
| Ábhair: | |
| Clibeanna: |
Cuir Clib Leis
Gan Chlibeanna, Bí ar an gcéad duine leis an taifead seo a chlibeáil!
|
| Thư viện lưu trữ: | Mạng thư viện Đại học Đà Nẵng |
|---|
| LEADER | 01543aam a22003738a 4500 | ||
|---|---|---|---|
| 001 | 000007134 | ||
| 003 | 3295 | ||
| 005 | 20120515090508.0 | ||
| 008 | 110926s2010 viesd | ||
| 020 | |d 2000b | ||
| 041 | 0 | |a vie | |
| 082 | 1 | 4 | |2 14 |a 398.20959745 |b NG-T |
| 100 | 1 | |a Nguyễn Tú | |
| 245 | 1 | 0 | |a Văn hoá dân gian Quảng Bình |c Nguyễn Tú |n T.4 |p Văn học dân gian |
| 260 | |a H. |b Đại học Quốc gia Hà Nội |c 2010 | ||
| 300 | |a 319tr. |c 21cm | ||
| 500 | |a ĐTTS ghi: Hội Văn nghệ Dân gian Việt Nam | ||
| 520 | |a Khái quát chung về văn học dân gian Quảng Bình về các thể loại, tác phẩm văn học dân gian tiêu biểu | ||
| 650 | 7 | |2 Bộ TK TVQG |a Văn học dân gian | |
| 650 | 7 | |2 Bộ TK TVQG |a Thể loại | |
| 650 | 7 | |2 Bộ TK TVQG |a Tác phẩm | |
| 651 | 7 | |2 Bộ TK TVQG |a Quảng Bình | |
| 773 | |a Nguyễn Tú |d 2010 |d H. |d Đại học Quốc gia Hà Nội |n ĐTTS ghi: Hội Văn nghệ Dân gian Việt Nam |t văn hoá dân gian quảng bình |w 443082 | ||
| 773 | |t Văn hóa dân gian Quảng Bình |w 3296 | ||
| OWN | |a LSP | ||
| AVA | |a UDN50 |b LSP |d 398.20959745 NG-T |e available |t Error 5001 Not defined in file expand_doc_bib_avail. |f 2 |g 0 |h N |i 0 |k 1 | ||
| 999 | |a From the UDN01 | ||
| AVA | |a UDN50 |b LSP |d 398.20959745 NG-T |e available |t Error 5001 Not defined in file expand_doc_bib_avail. |f 2 |g 0 |h N |i 0 |k 1 | ||
| TYP | |a Monograph | ||
| TYP | |a Printed language | ||
| 980 | |a Mạng thư viện Đại học Đà Nẵng | ||